000
00266nam a2200109Ia 4500
008
230907s9999||||xx |||||||||||||| ||und||
082
_a
660.28
_b
ALM
100
_a
Al-Malah, Kamal I. M.,
_9
116041
245
0
_a
Aspen plus :
300
_a
xvi, 602 pages :
942
_c
BK
999
_c
600878
_d
600878